00301nam a2200109Ia 4500008004100000082001500041100002000056245004200076260003600118300000800154650002900162191201s2018 xx 000 0 und d a615.19 RAT aRASTOGI, Sameer 0aText book of Pharmaceutical Chemistry bMackhingce PubaNew Delhic2018 a210 aPharmaceutical Chemistry